Central Library OPAC University of Rajshahi

আয়কর আইন = (Income-tax law) / (Record no. 44236)

MARC details
000 -LEADER
fixed length control field 00834nam a2200241 a 4500
001 - CONTROL NUMBER
control field 44236
003 - CONTROL NUMBER IDENTIFIER
rucl marc code BD-RjUL
005 - DATE AND TIME OF LATEST TRANSACTION
control field 20211209053824.0
008 - FIXED-LENGTH DATA ELEMENTS--GENERAL INFORMATION
fixed length control field 160716s1974 bg ||||| |||| 00| 0 ben d
035 ## - SYSTEM CONTROL NUMBER
System control number (BD-RjUL)44354
040 ## - CATALOGING SOURCE
Original cataloging agency BD-RjUL
Language of cataloging ben
Transcribing agency BD-RjUL
Modifying agency BD-RjUL
041 ## - LANGUAGE CODE
Language code of text/sound track or separate title ben
082 ## - DEWEY DECIMAL CLASSIFICATION NUMBER
Edition number 23
Classification number 336.24
Author mark and year NUA 1974
100 ## - MAIN ENTRY--PERSONAL NAME
Personal name নুরুন্নবী, এম
9 (RLIN) 135832
245 10 - TITLE STATEMENT
Title আয়কর আইন = (Income-tax law) /
Statement of responsibility, etc. এম নুরুন্নবী
250 ## - EDITION STATEMENT
Edition statement ২য় সং.
260 ## - PUBLICATION, DISTRIBUTION, ETC. (IMPRINT)
Place of publication, distribution, etc. রাজশাহী :
Name of publisher, distributor, etc. বেগম গুলশান আরা,
Date of publication, distribution, etc. ১৯৭৪
300 ## - PHYSICAL DESCRIPTION
Pagination vi, ২৯৮ পৃ. ;
Size ২১ সেমি.
500 ## - GENERAL NOTE
General note (1974-75 পর্যন্ত সংশোধিত)
650 ## - SUBJECT ADDED ENTRY--TOPICAL TERM
Topical term or geographic name as entry element আয়কর
9 (RLIN) 135833
Topical term or geographic name as entry element Income taxes
9 (RLIN) 135834
942 ## - ADDED ENTRY ELEMENTS (KOHA)
Source of classification or shelving scheme Dewey Decimal Classification
Koha item type Books
Holdings
Lost status Source of classification or shelving scheme Damaged status Not for loan Collection code Permanent Location Current Location Shelving location Date acquired Source of acquisition Cost, normal purchase price Total Checkouts Full call number Date last seen Copy number Koha item type
  Dewey Decimal Classification     Non-fiction Central Library, University of Rajshahi Central Library, University of Rajshahi   06/04/1976 Uttorbango library, Rajshahi. 75.00   B 336.24 NUA 1974 16/07/2016 C-2 Books
  Dewey Decimal Classification     Non-fiction Central Library, University of Rajshahi Central Library, University of Rajshahi   02/08/1984 Imperial Library, Rajshahi 56.00   B 336.24 NUA 1974 07/08/2016 C-3 Books
  Dewey Decimal Classification   Not For Loan Non-fiction Central Library, University of Rajshahi Central Library, University of Rajshahi Reading Room 14/05/1990       B 336.24 NUA 1974 29/12/2016 C-1 Books